[Event "Floripa Chess Open 2024"]
[Site "Florianopolis"]
[Date "2024.01.23"]
[Round "5.130"]
[White "Ferreira, Rodrigo Maycon Mira"]
[Black "Vieira, Igor Do Nascimento"]
[Result "1/2-1/2"]
[WhiteElo "1754"]
[BlackElo "1280"]
[PlyCount "61"]
[EventDate "2024.01.20"]
[EventRounds "10"]
[EventCountry "BRA"]

1. d4 Nf6 2. c4 e6 3. f3 d5 4. Nc3 Bb4 5. Bg5 h6 ({RR} 5... Bxc3+ 6. bxc3 c6 7.
e3 Nbd7 8. a3 Qa5 9. Qd2 dxc4 10. Bxf6 Nxf6 11. Bxc4 e5 12. Ne2 O-O 13. e4 Be6
14. Bxe6 fxe6 15. Qg5 Nd7 16. O-O Rae8 17. Rfd1 Qb5 18. Qe3 Qc4 19. Rab1 b6 20.
Rd2 {Lalith,B (2571)-Laxman,R (2437) New Delhi IND 2019 1-0 (87)}) 6. Bh4 c5 ({
RR} 6... dxc4 7. e3 g5 8. Bf2 Nd5 9. Qc2 b5 10. e4 Nf4 11. g3 Ng6 12. Bg2 c6
13. Nge2 h5 14. O-O h4 15. Rad1 hxg3 16. Bxg3 Nh4 17. e5 Nxg2 18. Kxg2 Bb7 19.
Ne4 Be7 20. N2c3 Nd7 21. Nd6+ {Bennett,P (1950)-Baruch,L (1718) chess.com INT
2023 1-0 (42)}) 7. e3 g5 $146 ({RR} 7... Nc6 8. a3 Bxc3+ 9. bxc3 Qa5 10. Qd2 b6
11. Bxf6 gxf6 12. cxd5 Ne7 13. dxe6 fxe6 14. e4 Bb7 15. Bc4 Rd8 16. Bxe6 cxd4
17. cxd4 Qxd2+ 18. Kxd2 Rxd4+ 19. Ke3 Rd6 20. Bc4 a6 21. Ne2 Rc6 22. Rhc1 {
Oelmann,H (1946)-Scheck,G (1574) Berlin 2014 1-0 (31)}) ({RR} 7... Nc6 8. cxd5
exd5 9. a3 Ba5 10. Bd3 Qb6 11. Rb1 cxd4 12. exd4 Qxd4 13. Bxf6 Qxf6 14. Nge2
Be6 15. O-O O-O 16. Kh1 Ne5 17. Bc2 Rfd8 18. f4 Nc4 19. Qd3 g6 20. Ng3 Nxb2 21.
Rxb2 Qxc3 22. Rxb7 {Hajenius,W (1923)-Barbier,S (2115) Antwerp 2013 0-1 (35)})
8. Bf2 Qa5 9. Nge2 dxc4 10. a3 Bxc3+ 11. Nxc3 cxd4 12. Qxd4 e5 13. Qd6 Be6 14.
Bxc4 Bxc4 15. Qxf6 Rh7 16. O-O-O Be6 17. Rd6 Nd7 18. Rxe6+ fxe6 19. Qxe6+ Re7
20. Qg6+ Rf7 21. Rd1 Qa6 22. Qh5 Nc5 23. Kc2 Rc8 24. Rd5 Na4 25. Qh3 Qe2+ 26.
Rd2 Qc4 27. Qxh6 Nxc3 28. Qh8+ Ke7 29. Qxe5+ Kf8 30. Qh8+ Ke7 31. Qe5+ 1/2-1/2

[Event "Floripa Chess Open 2024"]
[Site "Florianopolis"]
[Date "2024.01.23"]
[Round "5.131"]
[White "Silva Rosas, Natalia"]
[Black "Coutinho, Lucas Buss Soares"]
[Result "1-0"]
[WhiteElo "1754"]
[BlackElo "1233"]
[PlyCount "119"]
[EventDate "2024.01.20"]
[EventRounds "10"]
[EventCountry "BRA"]

1. e4 e6 2. d3 d5 3. Nd2 c5 4. Ngf3 Be7 5. g3 Nc6 6. Bg2 h6 ({RR} 6... g5 7.
O-O g4 8. Ne1 h5 9. c3 Nf6 10. f4 gxf3 11. Nexf3 dxe4 12. dxe4 b6 13. Qe2 Bb7
14. e5 Ng4 15. Nc4 Ba6 16. Bf4 Qc8 17. Rad1 Na5 18. b3 Nxc4 19. bxc4 Bb7 20.
Bg5 Qc7 21. h3 {Boskovic,D (2424)-Steinberg,N (2543) chess.com INT 2023 0-1  
(61)}) 7. O-O Nf6 8. Re1 O-O $146 ({RR} 8... d4 9. e5 Nd7 10. Nf1 Qc7 11. Qe2
Nf8 12. h4 Bd7 13. a3 Nh7 14. N1h2 O-O 15. Bf4 Qd8 16. Bh3 g5 17. Bd2 Kh8 18.
Ng4 h5 19. Nf6 Bxf6 20. exf6 g4 21. Bh6 Re8 22. Bg7+ Kg8 23. Ne5 {Nilssen,
T-Johnsen,K Vadso 1999 1-0 (41)}) 9. e5 Nd7 10. c3 Qc7 11. Qe2 f6 12. exf6 Nxf6
13. Nh4 Bd6 14. Ng6 Rf7 15. Nf1 e5 16. Ne3 Be6 17. Qc2 Rb8 18. Bd2 d4 19. Nc4
b5 20. Nxd6 Qxd6 21. f4 Ng4 22. fxe5 Qc7 23. Nf4 Qd7 24. Bxc6 Qxc6 25. cxd4 g5
26. Qxc5 Qxc5 27. dxc5 gxf4 28. Bxf4 Rc8 29. d4 Rd7 30. h3 h5 31. hxg4 hxg4 32.
Rad1 Bd5 33. Rd2 Rh7 34. Rh2 Rxh2 35. Kxh2 Rc7 36. Bg5 Rh7+ 37. Bh4 Kf7 38.
Rf1+ Ke8 39. a3 Rf7 40. Rf4 Rg7 41. Kg1 Kd7 42. Rf6 Kc7 43. Kf2 Rf7 44. Ke3
Rxf6 45. exf6 Kc6 46. Kf4 Be6 47. Ke5 Bf7 48. Bg5 a5 49. b4 axb4 50. axb4 Bg8
51. Kf5 Kd5 52. Kxg4 Kxd4 53. Kf5 Kc4 54. Kg6 Kxb4 55. f7 Bxf7+ 56. Kxf7 Kxc5
57. Bf6 b4 58. g4 b3 59. g5 b2 60. Bxb2 1-0

[Event "Floripa Chess Open 2024"]
[Site "Florianopolis"]
[Date "2024.01.23"]
[Round "5.132"]
[White "Zottis, Pietro"]
[Black "Silver, Fernanda Luise"]
[Result "1-0"]
[WhiteElo "1418"]
[BlackElo "1749"]
[PlyCount "149"]
[EventDate "2024.01.20"]
[EventRounds "10"]
[EventCountry "BRA"]

1. d4 d5 2. c4 e6 3. Nc3 Nf6 4. cxd5 exd5 5. Bg5 Be7 6. e3 O-O 7. Bd3 Nbd7 8.
Nge2 h6 9. Bh4 Re8 10. O-O c5 11. Rc1 c4 12. Bb1 Nf8 $146 ({RR} 12... Qa5 13.
f3 b5 14. a3 Bb7 15. e4 Nxe4 16. Nxe4 dxe4 17. Be1 Qb6 18. fxe4 Bg5 19. Bd2
Bxd2 20. Qxd2 Bxe4 21. Rxf7 Kxf7 22. Qf4+ Nf6 23. Ba2 Rad8 24. b3 Rxd4 25. Nxd4
Qxd4+ 26. Qf2 Qxf2+ 27. Kxf2 {Durufle,A (2066)-Roussel,C (1970) France 2004 0-1
}) 13. Bxf6 Bxf6 14. Nf4 Be6 15. Qf3 Bg5 16. Nfxd5 Qd7 17. h3 Ng6 18. Bxg6 fxg6
19. Nf4 Bxf4 20. Qxf4 Rf8 21. Qg3 Rf5 22. f4 g5 23. Ne2 Bd5 24. h4 gxh4 25.
Qxh4 Qe8 26. Rc3 Qb5 27. Rc2 Qe8 28. Qg3 b5 29. Nc3 Bc6 30. a3 a5 31. e4 Rh5
32. d5 b4 33. dxc6 bxc3 34. Qxc3 Rc5 35. Qd4 Qxc6 36. b4 axb4 37. axb4 Rb5 38.
Rxc4 Qg6 39. Rc5 Rbb8 40. Ra5 Rxa5 41. bxa5 Re8 42. e5 Rc8 43. Qd5+ Kh7 44. e6
Qg3 45. Qe4+ Kh8 46. e7 Re8 47. a6 Qa3 48. Re1 Qxa6 49. Qd5 Qa7+ 50. Kh1 Qf2
51. Qe4 Qh4+ 52. Kg1 Qf6 53. f5 Qb6+ 54. Kh1 Qf6 55. g3 Qg5 56. Kg2 Qd2+ 57.
Re2 Qd6 58. g4 Qf6 59. Kh3 Qf7 60. Qe5 Kh7 61. Kh4 Kg8 62. g5 Qc4+ 63. Kh5 hxg5
64. Kxg5 Qc1+ 65. Re3 Qg1+ 66. Rg3 Qc1+ 67. Kh4 Qh6+ 68. Kg4 Kf7 69. Qd5+ Kxe7
70. Rb3 Qf6 71. Re3+ Kf8 72. Qc5+ Kf7 73. Qd5+ Kf8 74. Rh3 Qe5 75. Rh8+ 1-0

[Event "Floripa Chess Open 2024"]
[Site "Florianopolis"]
[Date "2024.01.23"]
[Round "5.133"]
[White "Fuxz, Diego"]
[Black "Salamanca Paraguayo, Mateo"]
[Result "1-0"]
[WhiteElo "1749"]
[BlackElo "1182"]
[PlyCount "73"]
[EventDate "2024.01.20"]
[EventRounds "10"]
[EventCountry "BRA"]

1. c4 e5 2. Nc3 Nf6 3. g3 Nc6 4. Bg2 Bc5 5. e3 O-O 6. Nge2 d6 7. O-O Bf5 8. d3
({RR} 8. d4) 8... Qd7 9. a3 ({RR} 9. Na4 Bh3 10. a3 Bxg2 11. Kxg2 a5 12. b3 h5
13. h3 Ne7 14. e4 Ba7 15. f4 exf4 16. Nxf4 Ng6 17. Nxh5 Nxh5 18. Qxh5 Ne5 19.
Qe2 f5 20. Bb2 Rae8 21. Rae1 Nc6 22. Qh5 Nd4 23. Bxd4 Bxd4 {Egorov,M (1928)
-Dzapshba,R (1730) Sochi RUS 2019 1-0 (43)}) 9... a6 10. b4 $146 ({RR} 10. Nd5
Nxd5 11. cxd5 Ne7 12. e4 Bg4 13. Kh1 f5 14. f3 Bh5 15. exf5 Nxd5 16. d4 exd4
17. Nxd4 Bf7 18. g4 Rae8 19. f4 c6 20. Nf3 Be3 21. Ng5 Bxc1 22. Qxc1 Ne3 23.
Re1 Nxg4 24. Qd2 Qxf5 {Jaroch,P (2255)-Flazinski,J (2036) Kowalewo Pomorskie
2008 0-1}) 10... Ba7 11. Bb2 Bh3 12. Rc1 Bxg2 13. Kxg2 Nh5 14. Nd5 Ne7 15. Nec3
Nxd5 16. Nxd5 c6 17. Qxh5 cxd5 18. cxd5 Qb5 19. Qf3 Qxd3 20. Rc3 Qd2 21. Ba1 f5
22. Qd1 Qxd1 23. Rxd1 f4 24. exf4 exf4 25. Rc7 Rf7 26. Rxf7 Kxf7 27. Rc1 Bb6
28. gxf4 Rf8 29. Kf3 Kg8 30. h4 g6 31. a4 a5 32. Bc3 Bd8 33. bxa5 Bxh4 34. Bb4
g5 35. Bxd6 Rf6 36. Be5 Rf5 37. Ke4 1-0

[Event "Floripa Chess Open 2024"]
[Site "Florianopolis"]
[Date "2024.01.23"]
[Round "5.134"]
[White "De Souza, Samuel De Deus"]
[Black "De Sousa, Alex Aecio"]
[Result "0-1"]
[WhiteElo "1300"]
[BlackElo "1742"]
[PlyCount "89"]
[EventDate "2024.01.20"]
[EventRounds "10"]
[EventCountry "BRA"]

1. e4 c5 2. d4 cxd4 3. c3 Nf6 4. e5 Nd5 5. cxd4 g6 6. Bc4 Nb6 7. Bb3 Bg7 8. Nf3
Nc6 9. O-O O-O 10. Nc3 d6 11. Bf4 ({RR} 11. e6 Bxe6 12. Bxe6 fxe6 13. Be3 d5
14. Re1 a6 15. Ng5 Qd6 16. Qg4 Rf5 17. Ne2 Raf8 18. b3 Nd7 19. f4 Nf6 20. Qh3
h6 21. Nf3 Ne4 22. Qg4 Kh7 23. Rad1 Qa3 24. Nc1 Nf6 25. Qh3 Ne4 {Bacrot,E  
(2671)-Iturrizaga,E (2629) chess24.com INT 2020 0-1 (43)}) 11... Bg4 12. Re1
Na5 $146 ({RR} 12... Qd7 13. Bg3 Bxf3 14. gxf3 e6 15. d5 exd5 16. exd6 Bxc3 17.
bxc3 Qf5 18. Kg2 Rfe8 19. Qd2 Na5 20. Rxe8+ Rxe8 21. Re1 Re6 22. Rxe6 fxe6 23.
Bc2 Qf6 24. Qh6 Nac4 25. Bh4 Qxc3 26. Qf4 Qxc2 27. Qf6 {Pasztor,L (1857)-Holly,
A (2046) Ruzomberok SVK 2019 0-1 (74)}) ({RR} 12... dxe5 13. dxe5 Qxd1 14. Bxd1
Rad8 15. h3 Bxf3 16. Bxf3 Nd4 17. Be4 Nc4 18. Rab1 Ne6 19. Be3 Nxe3 20. Rxe3
Bxe5 21. Bxb7 Bd4 22. Ree1 Nc5 23. Be4 a5 24. Bc2 e5 25. Ne2 Rd5 26. b4 axb4
27. Rxb4 {Bengtsson,J (2057)-Cramling,P (2455) Skara SWE 2023 1-0 (55)}) 13.
exd6 exd6 14. Nb5 Nac4 15. Bxc4 Nxc4 16. b3 a6 17. bxc4 axb5 18. cxb5 Qb6 19.
d5 Qxb5 20. Rb1 Qd7 21. Rb6 Ra6 22. Qb3 Qf5 23. Rxa6 bxa6 24. Bxd6 Rd8 25. Ba3
h5 26. h3 Bxf3 27. Qxf3 Qxf3 28. gxf3 Rxd5 29. Re8+ Kh7 30. Re7 Rf5 31. Kg2 Bf8
32. Re3 Bxa3 33. Rxa3 a5 34. Ra4 Kg7 35. Re4 Kf6 36. a4 Rg5+ 37. Kh2 Re5 38.
Rd4 Re2 39. Kg2 Ra2 40. Re4 Kf5 41. Rd4 Ke5 42. Re4+ Kd5 43. Rf4 f5 44. h4 Kc5
45. Kg3 0-1

[Event "Floripa Chess Open 2024"]
[Site "Florianopolis"]
[Date "2024.01.23"]
[Round "5.136"]
[White "De Souza, Felipe De Deus"]
[Black "Machado, Luiz Fernando"]
[Result "0-1"]
[WhiteElo "1276"]
[BlackElo "1737"]
[PlyCount "98"]
[EventDate "2024.01.20"]
[EventRounds "10"]
[EventCountry "BRA"]

1. e4 e5 2. Nf3 Nc6 3. Bc4 Nf6 4. d3 Be7 5. c3 d6 6. Bb3 Bg4 7. h3 ({RR} 7.
Nbd2 Nd7 8. h3 Bh5 9. Nf1 Nc5 10. Bc2 Ne6 11. Ng3 Bxf3 12. Qxf3 Bg5 13. Bxg5
Qxg5 14. h4 Qh6 15. Nf5 Qf6 16. Qg4 Qg6 17. Ne3 Qxg4 18. Nxg4 Ne7 19. h5 O-O-O
20. O-O-O c5 21. Bb3 h6 {Lobron,E (2555)-Torre,E (2565) New York 1989 1-0 (60)}
) 7... Bh5 ({RR} 7... Be6 8. Bc2 Qd7 9. b4 a6 10. d4 exd4 11. cxd4 d5 12. e5
Bxb4+ 13. Bd2 Bxd2+ 14. Nbxd2 Ng8 15. Ng5 Nxd4 16. Bd3 h6 17. Nxe6 Nxe6 18. O-O
Nf4 19. Bc2 c6 20. Re1 O-O-O 21. Qf3 g5 22. Rab1 {De Leon Gonzalez,Y (1037)
-Monteiro Rodrigues,C (1387) Vecindario ESP 2023 1-0 (39)}) 8. Nbd2 h6 9. O-O
g5 $146 ({RR} 9... Qd7 10. Re1 g5 11. g4 Bg6 12. Nf1 Nxg4 13. hxg4 Qxg4+ 14.
Kh1 Qh3+ 15. N3h2 h5 16. Ne3 g4 17. Ng2 Bh4 18. Nxh4 Qxh4 19. Be3 O-O-O 20. Qd2
f6 21. Rg1 Be8 22. Rg3 Rh7 23. Kg2 Rg7 24. Rh1 {Almasi,I (2400)-Szell,L (2270)
Budapest 1995 1/2-1/2 (69)}) 10. Re1 g4 11. hxg4 Bxg4 12. Qc2 Qd7 13. d4 Rg8
14. d5 Bxf3 15. Nxf3 Qg4 16. g3 Qxf3 17. dxc6 bxc6 18. Qe2 Qg4 19. Qc4 Kd8 20.
Qxc6 Rb8 21. Kg2 Nh5 22. Bd1 Nf4+ 23. Bxf4 Qxf4 24. Ba4 Qg4 25. Bd1 Qd7 26.
Qxd7+ Kxd7 27. Bb3 Rg7 28. Rh1 Bg5 29. Rad1 Rh7 30. g4 Rhh8 31. Ba4+ Ke7 32. b4
Rb6 33. Bb3 Rhb8 34. f3 Rc8 35. a4 a5 36. b5 c6 37. c4 cxb5 38. cxb5 Rc3 39.
Rb1 Rb8 40. Rhd1 Rbc8 41. Rf1 Be3 42. Rfe1 Kf6 43. Kg3 h5 44. gxh5 Rg8+ 45. Kh3
Bf2 46. Red1 Rxf3+ 47. Kh2 Rfg3 48. Rxd6+ Ke7 49. Rdd1 R8g4 0-1

[Event "Floripa Chess Open 2024"]
[Site "Florianopolis"]
[Date "2024.01.23"]
[Round "5.137"]
[White "Moreira, Iloyziel Joao Da Si"]
[Black "De Andrade, Alexandre Rodrigues"]
[Result "1-0"]
[WhiteElo "1737"]
[BlackElo "1800"]
[PlyCount "71"]
[EventDate "2024.01.20"]
[EventRounds "10"]
[EventCountry "BRA"]

1. d4 Nf6 2. Bf4 e6 3. Nf3 Bb4+ ({RR} 3... b6 4. h3 Ba6 5. Nbd2 c5 6. c3 cxd4
7. cxd4 Nc6 8. Rc1 Rc8 9. a3 Be7 10. e3 Bxf1 11. Kxf1 O-O 12. Ke2 b5 13. Ne5
Qb6 14. b4 a5 15. Bg5 Rfd8 16. Bxf6 Bxf6 17. Nxc6 Rxc6 18. Nb3 {Gruenberg,R  
(2350)-Lerner,K (2568) Bad Woerishofen 1999 0-1 (41)}) 4. c3 Bd6 5. Bg3 ({RR} 
5. Bxd6 cxd6 6. Nbd2 d5 7. e3 O-O 8. Bd3 Qb6 9. Qc2 g6 10. h4 Kg7 11. h5 Nc6
12. hxg6 hxg6 13. Nh4 Ne7 14. O-O-O d6 15. Rdg1 Ng4 16. Nf1 Bd7 17. f3 Nf6 18.
g4 Bb5 19. Rh2 Bxd3 {Pobor,D (2034)-Lakusic,Z (1619) Podgorica MNE 2023 1-0  
(56)}) 5... c5 $146 ({RR} 5... b6 6. e3 Bb7 7. Bd3 Be4 8. Qe2 h5 9. Nbd2 Bb7
10. e4 Be7 11. h3 d6 12. e5 Nh7 13. h4 d5 14. Bf4 Nd7 15. Rh3 g6 16. Qe3 c5 17.
Bh2 c4 18. Bc2 b5 19. Qh6 Bf8 20. Qf4 {Rajkovic,F (1591)-Siljan,M (2067) Pula
2014 0-1 (45)}) 6. Bxd6 cxd4 7. Nxd4 Qb6 8. Ba3 e5 9. Nf5 Ne4 10. Nd6+ Nxd6 11.
Qxd6 Qxd6 12. Bxd6 Nc6 13. Na3 f6 14. e4 a6 15. Nc4 Kd8 16. Nb6 Ra7 17. Nd5 b5
18. Bd3 Re8 19. Bc5 Bb7 20. Bxa7 Nxa7 21. a4 b4 22. cxb4 Nc6 23. b5 axb5 24.
Bxb5 Nd4 25. O-O Bxd5 26. exd5 Ke7 27. Bd3 Rb8 28. a5 Nb3 29. Ra2 Rc8 30. a6 e4
31. Bxe4 Nd2 32. Re1 Kd6 33. a7 Ra8 34. Bxh7 Nb3 35. Bg6 Kxd5 36. Be4+ 1-0

[Event "Floripa Chess Open 2024"]
[Site "Florianopolis"]
[Date "2024.01.23"]
[Round "5.138"]
[White "Panazzolo, Paulo Victor"]
[Black "Da Silva, Leonardo Douglas Si"]
[Result "0-1"]
[WhiteElo "1730"]
[BlackElo "1800"]
[PlyCount "38"]
[EventDate "2024.01.20"]
[EventRounds "10"]
[EventCountry "BRA"]

1. e4 e6 2. b3 d5 3. Nc3 ({RR} 3. e5 c5 4. Bb2 Nc6 5. f4 Nh6 6. Nf3 Nf5 7. Bd3
h5 8. O-O h4 9. Bxf5 exf5 10. Kh1 d4 11. d3 Be6 12. Nbd2 Bd5 13. h3 Be7 14. a4
Qd7 15. Nc4 Qe6 16. Qe2 O-O-O 17. a5 Kb8 {Sulashvili,M (2431)-Volkov,S (2628)
playchess.com INT 2006 1-0 (99)}) 3... d4 ({RR} 3... Nf6 4. e5 Nfd7 5. Nf3 c5
6. Bb2 Nc6 7. Qe2 Qc7 8. Nb5 Qb8 9. Nd6+ Bxd6 10. exd6 O-O 11. d4 Qxd6 12. dxc5
Nxc5 13. O-O-O a5 14. Nd4 Nxd4 15. Rxd4 a4 16. Rg4 f6 17. Rh4 axb3 18. axb3 {
Molenda,M (2406)-Figorito,N (2036) chess.com INT 2023 0-1 (31)}) 4. Nce2 e5 5.
Ng3 $146 ({RR} 5. f4 Nf6 6. d3 Ng4 7. a3 Qh4+ 8. g3 Qh5 9. h3 Nc6 10. Bg2 Ne3
11. Bxe3 dxe3 12. Nf3 Bd7 13. Qc1 Bc5 14. c3 O-O-O 15. fxe5 Bb6 16. d4 Qh6 17.
g4 f6 18. g5 Qg6 19. c4 Bxd4 {Niziolek,G (2100)-Kwiecien,Z (2208) Poland 2002
1/2-1/2 (41)}) ({RR} 5. d3 f5 6. Nf3 Nc6 7. g3 Nf6 8. Bg5 h6 9. Bxf6 Qxf6 10.
Bg2 fxe4 11. dxe4 Bg4 12. Nd2 O-O-O 13. f3 Bh5 14. O-O Bc5 15. Kh1 g5 16. Nc1
Bf7 17. a3 h5 18. Nd3 Be7 19. Rf2 Qh6 {Loeffler,M-Rieger,L Gernsheim 2013 1-0 
(43)}) 5... Nf6 6. Nf3 Bd6 7. c3 c5 8. cxd4 cxd4 9. Bc4 O-O 10. O-O Nc6 11. d3
a6 12. a4 Rb8 13. Bg5 h6 14. Bxf6 Qxf6 15. Rb1 Nb4 16. Qe2 Re8 17. h3 Qd8 18.
Nh2 b5 19. Bd5 Nxd5 0-1

[Event "Floripa Chess Open 2024"]
[Site "Florianopolis"]
[Date "2024.01.23"]
[Round "5.139"]
[White "De Oliveira, Lucas Silva"]
[Black "Constantino, Pedro Henrique"]
[Result "0-1"]
[WhiteElo "1800"]
[BlackElo "1728"]
[PlyCount "34"]
[EventDate "2024.01.20"]
[EventRounds "10"]
[EventCountry "BRA"]

1. e4 c5 2. Nf3 d6 3. d4 cxd4 4. Nxd4 Nf6 5. Nc3 a6 6. Rg1 e5 7. Nb3 Be6 8. Be3
({RR} 8. g4 d5 9. exd5 Nxd5 10. Nxd5 Qxd5 11. Be3 Qxd1+ 12. Rxd1 Nd7 13. Bg2
O-O-O 14. Bd5 Nc5 15. Bxe6+ Nxe6 16. Ke2 Be7 17. Na5 Bc5 18. Nc4 Bxe3 19. fxe3
f6 20. Rxd8+ Kxd8 21. h4 Ke7 22. a4 h5 {Dominguez Perez,L (2605)-Naiditsch,A  
(2576) Wijk aan Zee 2004 1/2-1/2 (34)}) 8... Be7 9. g4 h6 10. h4 Nh7 $146 ({RR
} 10... d5 11. exd5 Nxd5 12. Nxd5 Qxd5 13. Bg2 Qxd1+ 14. Rxd1 Nc6 15. Nc5 Bxc5
16. Bxc5 Rd8 17. Be4 Rxd1+ 18. Kxd1 Kd7 19. b3 Kc7 20. c3 Nb8 21. Be3 Nd7 22.
c4 Rd8 23. Kc1 Nf6 24. Bf3 Ng8 25. g5 {Devereaux,M (2269)-Friedland,J (2139)
London 2000 1/2-1/2 (74)}) ({RR} 10... d5 11. exd5 Nxd5 12. Nxd5 Bxd5 13. g5
hxg5 14. hxg5 Nc6 15. Qd3 Rc8 16. Be2 Bxb3 17. Qxd8+ Bxd8 18. cxb3 Nd4 19. Bxd4
exd4 20. Bd3 Rc5 21. g6 Rh2 22. gxf7+ Kxf7 23. Ke2 Bh4 24. Rgf1 Re5+ 25. Kf3 {
Braga,K (1442)-Lopes,L (1694) Florianopolis BRA 2024 0-1}) 11. g5 hxg5 12. Qh5
g6 13. Qd1 gxh4 14. Qd2 Nf6 15. O-O-O Nbd7 16. f4 Ng4 17. Bd3 Nxe3 0-1

[Event "Floripa Chess Open 2024"]
[Site "Florianopolis"]
[Date "2024.01.23"]
[Round "5.140"]
[White "Farias, Robson Da Costa"]
[Black "Goncalves, Adriana Emiliana"]
[Result "1-0"]
[WhiteElo "1721"]
[BlackElo "1744"]
[PlyCount "33"]
[EventDate "2024.01.20"]
[EventRounds "10"]
[EventCountry "BRA"]

1. e4 e5 2. Nf3 Nc6 3. Bc4 Bc5 4. O-O Nf6 5. c3 Nxe4 6. d4 exd4 7. cxd4 Be7 8.
d5 Nb8 9. Re1 Nd6 ({RR} 9... Nf6 10. d6 cxd6 11. Nc3 O-O 12. Rxe7 Qxe7 13. Bg5
Nc6 14. Nd5 Nxd5 15. Bxe7 Ndxe7 16. Ng5 h6 17. Ne4 Ne5 18. Bb3 d5 19. Nd6 b6
20. f4 N5c6 21. f5 Ba6 22. f6 gxf6 23. Qg4+ Ng6 24. Bxd5 {Wiewiora,E (2333)
-Erenberg,A (2516) chess.com INT 2022 1-0}) 10. Qd4 ({RR} 10. Bd3 O-O 11. Nc3
Bf6 12. Bf4 {1/2-1/2 (12) Grochol,K (2093)-Wilk,I (2166) Jastrzebia Gora POL
2023}) 10... O-O 11. Bd3 Bf6 12. Qg4 $146 ({RR} 12. Qf4 Re8 13. Rd1 Na6 14. Nc3
Nc5 15. Bc2 Qe7 16. Be3 Nce4 17. Nxe4 Nxe4 18. Bd4 Bxd4 19. Rxd4 Nd6 20. Rdd1
Qf6 21. Qxf6 gxf6 22. Re1 b6 23. Rxe8+ Nxe8 24. Rd1 Bb7 25. Ba4 Rd8 26. Nh4 Nd6
{Kolev,V-Gataullin,A (2050) Chishmy 2010 0-1 (69)}) 12... Re8 13. Be3 c6 14.
Nc3 b5 15. Bf4 Rxe1+ 16. Rxe1 Qf8 17. Bxd6 1-0

[Event "Floripa Chess Open 2024"]
[Site "Florianopolis"]
[Date "2024.01.23"]
[Round "5.144"]
[White "Gorgen, Raphael Rebello Hor"]
[Black "Cordioli, Jairo Ribeiro"]
[Result "0-1"]
[WhiteElo "1779"]
[BlackElo "1703"]
[PlyCount "61"]
[EventDate "2024.01.20"]
[EventRounds "10"]
[EventCountry "BRA"]

1. e4 c5 2. Nf3 d6 3. Bb5+ Nc6 4. O-O Bd7 5. Re1 e5 6. c3 a6 7. Bf1 Bg4 ({RR} 
7... Be7 8. Na3 g5 9. d4 g4 10. d5 Na7 11. Nd2 h5 12. Nac4 b5 13. Ne3 Nc8 14.
a4 Nb6 15. b3 Nh6 16. Bd3 Bg5 17. Ndf1 Rg8 18. Qe2 c4 19. bxc4 Nxa4 20. Bd2 Nc5
21. cxb5 Nxd3 22. Qxd3 {Karthikeyan,M (2626)-Shyam,N (2487) Pollachi IND 2023
1-0 (34)}) 8. h3 Bxf3 9. Qxf3 Qf6 $146 ({RR} 9... Nf6 10. Na3 b5 11. Nc2 Be7
12. Ne3 O-O 13. Nf5 g6 14. Nxe7+ Qxe7 15. d3 Kg7 16. g4 h5 17. Be2 hxg4 18.
hxg4 Nh7 19. Qe3 Rh8 20. Kg2 Nf8 21. Bd2 Ne6 22. Qg3 g5 23. f3 Nf4+ 24. Bxf4 {
Hudoba,O (2140)-Gazi,M (2103) Slovakia 2012 0-1 (40)}) 10. Qd1 Nge7 11. d3 Ng6
12. Be3 Be7 13. Nd2 O-O 14. Nf3 Qe6 15. d4 cxd4 16. cxd4 exd4 17. Nxd4 Nxd4 18.
Bxd4 Bf6 19. Bxf6 Qxf6 20. Qb3 Rab8 21. a4 Ne5 22. Red1 Rfd8 23. Rd2 Qf4 24.
Qd5 b5 25. axb5 axb5 26. Bxb5 Rxb5 27. Ra8 Rbb8 28. Rxb8 Rxb8 29. b4 g6 30.
Qxd6 Rc8 31. Rd1 0-1

[Event "Floripa Chess Open 2024"]
[Site "Florianopolis"]
[Date "2024.01.23"]
[Round "5.148"]
[White "Kaneda, Eric Kazuichi"]
[Black "Pontes, Luiz Felizola Lima"]
[Result "1-0"]
[WhiteElo "1803"]
[BlackElo "1430"]
[PlyCount "67"]
[EventDate "2024.01.20"]
[EventRounds "10"]
[EventCountry "BRA"]

1. d4 d5 2. c4 c6 3. Nc3 Nf6 4. e3 e6 5. Nf3 Nbd7 6. Bd3 Be7 7. O-O O-O 8. Re1
b6 ({RR} 8... dxc4 9. Bxc4 b5 10. Bf1 b4 11. Ne2 c5 12. dxc5 Nxc5 13. Qxd8 Rxd8
14. Ned4 Bb7 15. Ne5 Rdc8 16. f3 Nfd7 17. Nxd7 Nxd7 18. e4 Nb6 19. b3 Bc5 20.
Be3 Rd8 21. Rad1 Rac8 22. Kf2 a5 23. Nf5 {Umpfenbach,C (2128)-Schmidt,J (2265)
Dresden 2003 1/2-1/2}) 9. e4 dxe4 10. Nxe4 Bb7 ({RR} 10... Nxe4 11. Bxe4 Bb7
12. Qa4 Qc7 13. Ne5 Nxe5 14. dxe5 Bc5 15. Qc2 h6 16. Qe2 Rfd8 17. Qh5 Bf8 18.
Bf4 c5 19. Bc2 Rd4 20. Be3 Rd7 21. Qg4 Kh8 22. f4 g6 23. Re2 Rad8 24. Rae1 Bg7
25. Qh4 {Antonova,N (1877)-Petrova,E (1713) Moscow RUS 2020 1-0 (46)}) 11. Nc3
$146 ({RR} 11. Bf4 Nxe4 12. Bxe4 Nf6 13. Qe2 Nxe4 14. Qxe4 Qc8 15. Rac1 c5 16.
d5 Bf6 17. b3 exd5 18. cxd5 Re8 19. Qd3 Rd8 20. d6 Qg4 21. Bg3 Bxf3 22. gxf3
Qg6 23. Qe4 Qxe4 24. fxe4 Bd4 25. Kg2 Rd7 {Odde,E (1919)-Sandum,P Norway 2005
1-0 (71)}) ({RR} 11. Qe2 Re8 12. Bd2 c5 13. Neg5 cxd4 14. Nxf7 Bxf3 15. Qxe6
Bg4 16. Nh6+ Kh8 17. Qg8+ Nxg8 18. Nf7# {1-0 (18) Svensen,T (2074)-Johansen,K 
(2084) Gausdal 2003}) 11... c5 12. d5 exd5 13. cxd5 Re8 14. Bf4 Nh5 15. Bxh7+
Kxh7 16. Ng5+ Bxg5 17. Qxh5+ Bh6 18. Bxh6 gxh6 19. Qxf7+ Kh8 20. Re6 Rxe6 21.
dxe6 Qg5 22. g3 Qf6 23. Re1 Qxf7 24. exf7 Rf8 25. Nb5 Kg7 26. Re7 a6 27. Nd6
Bc6 28. Ne8+ Kg6 29. f4 Nf6 30. Nd6 Bd5 31. f5+ Kh7 32. a3 Bc6 33. h3 a5 34.
Kf2 1-0

[Event "Floripa Chess Open 2024"]
[Site "Florianopolis"]
[Date "2024.01.23"]
[Round "5.149"]
[White "Correia, Pedro Bavaresco"]
[Black "Cardozo, Camila"]
[Result "1-0"]
[WhiteElo "1796"]
[BlackElo "1426"]
[PlyCount "39"]
[EventDate "2024.01.20"]
[EventRounds "10"]
[EventCountry "BRA"]

1. e4 e6 2. d4 d5 3. Nd2 Nf6 4. e5 Nfd7 5. Bd3 c5 6. c3 Nc6 7. Ne2 cxd4 8. cxd4
f6 9. f4 Be7 10. O-O Qb6 ({RR} 10... O-O 11. Nf3 a5 12. Kh1 a4 13. a3 f5 14.
Rg1 Qe8 15. g4 Nb6 16. gxf5 exf5 17. Nc3 Bd7 18. Be3 Nd8 19. Qf1 Rc8 20. Qh3
Rc6 21. Rg3 Rg6 22. Rag1 Rxg3 23. hxg3 g6 24. Qf1 Ne6 25. Qe2 {Horvath,T (2435)
-Dirr,U (2275) Berlin 1994 1-0 (48)}) ({RR} 10... O-O 11. Nf3 f5 12. Kh1 Nb6
13. b3 Bd7 14. a4 a5 15. Nc3 Nb4 16. Bb1 Rc8 17. Bd2 Qe8 18. Ne1 Qg6 19. Qe2
Nc6 20. Nb5 Rc7 21. Nf3 Rcc8 22. Rg1 Qh6 23. g4 Kh8 24. Nd6 Bxd6 25. exd6 {
Marcal,A (1751)-Fonseca,R (1378) Figueira da Foz POR 2018 0-1 (37)}) 11. Kh1
O-O 12. f5 $146 ({RR} 12. Nf3 Kh8 13. Bb1 Nb4 14. a3 Qa6 15. b3 Nc6 16. Qc2 f5
17. Bb2 Ndb8 18. b4 Bd7 19. Rc1 Qb6 20. Nc3 Nxd4 21. Nxd5 Nxc2 22. Nxb6 Nxa1
23. Nxa8 Nb3 24. Rc3 Nc6 25. Rxb3 Rxa8 26. Rd3 Be8 {Harvan,R (2056)-Trebula,J 
(2060) Slovakia 2015 1/2-1/2 (31)}) 12... Nxd4 13. Nxd4 Qxd4 14. Nf3 Qg4 15.
fxe6 Qxe6 16. Nd4 Qb6 17. Qh5 f5 18. Nxf5 Rxf5 19. Qxf5 g6 20. Qf4 1-0